Jezuliatko Jasličková hra so spevom v štyroch dejstvách

Bibliographic Details
Main Author: Urbánek, Ferko, 1858-1934 (Author, Author of introduction, etc.)
Corporate Author: Kníhtlačiarsky účastinársky spolok (Martin, Slovensko) (Printer)
Format: Book
Language:Slovak
PhysicalDescription:47 s. 15 cm
Published: v Trnave Vydal Spolok Sv. Adalberta (Vojtecha) 1905
Series:Divadelné Hry Sošit 1.
Subjects:

MARC

LEADER 00000nam a2200000 a 4500
001 vtls001274669
003 SK-MaSNL
005 20260301155130.0
008 240226s1905 xo slo
015 |a SNBHFA1905 
035 |a SNK000225856 
035 |a urn:nbn:sk:snk-am3hnhn 
035 |a 6C48742A-F052-4A37-85A9-FE51389C7C2B 
035 |a urn:nbn:sk:snk-am00cw7x 
040 |a SNKHF  |b slo  |c SNK  |e AACR2 
041 0 |a slo 
044 |a xo  |c SK 
072 7 |a 821.162.4  |x Slovenská literatúra  |2 konspekt 
080 |a 821.162.4-2  |2 2011 
080 |a 821.162.4  |2 2011 
100 1 |a Urbánek, Ferko,  |d 1858-1934  |4 aut  |4 aui  |9 52614 
245 1 0 |a Jezuliatko  |b Jasličková hra so spevom v štyroch dejstvách  |c od Fr. Urbánka 
260 |a v Trnave  |b Vydal Spolok Sv. Adalberta (Vojtecha)  |c 1905  |e Turčiansky Sv. Martin  |f Tlačou Kníhtlačiarskeho účastinárskeho spolku 
300 |a 47 s.  |c 15 cm 
490 0 |a Divadelné Hry  |v Sošit 1. 
500 |a Zelená obálka. Noty 
508 |a Úvod autora 
550 |a Tlačiareň uvedená na zadnej strane obálky 
650 0 7 |a slovenská literatúra  |2 SNKPH  |9 1115 
655 7 |a divadelné hry  |2 SNKPH  |9 70577 
710 2 |a Spolok sv. Vojtecha (Trnava, Slovensko)  |4 pbl  |9 34261 
710 2 |a Kníhtlačiarsky účastinársky spolok (Martin, Slovensko)  |4 prt  |9 93127 
752 |a Slovensko  |d Trnava 
752 |a Slovensko  |d Martin 
852 |a SNK  |p SE 103/1 
958 |a ONDV 
999 |c 799621  |d 801551 
952 |a SNK  |b SNK  |y PREZ  |7 0  |p 17A0731181  |o snkSE 103/1  |i snk1745/27  |0 0  |1 0  |4 0  |d 2011-11-08  |f 1  |l 0  |r 2026-02-24 02:03:55  |w 2026-02-24 
952 |t P60, <04>, [BOOK], {604}  |a SNK  |b SNK  |y PREZ  |7 0  |p 17A0035190  |o snkSE 103/1 D1  |i snkF 194/62  |8 5  |z r. 1905  |0 0  |1 0  |4 0  |d 1997-02-05  |l 0  |r 2005-01-02 00:00:00  |w 2026-02-24 
952 |t P60, <04>, [BOOK], {604}  |a SNK  |b SNK  |y PREZ  |7 0  |p 17A0182292  |o snkSE 103/1 D2  |i snkK 1819/69  |8 3  |z r. 1905  |0 0  |1 0  |4 0  |d 1999-02-25  |l 0  |r 2005-01-02 00:00:00  |w 2026-02-24